Suceden cosas fabulosas cuando oro

Saved in:
Bibliografiske detaljer
Hovedforfatter: Tirabassi, Becky., trad
Andre forfattere: Tirabassi, Irene
Format: Bog
Sprog:spansk
Udgivet: Vida. 1996.
Fag:
Tags: Tilføj Tag
Ingen Tags, Vær først til at tagge denne postø!

MARC

LEADER 00000nam a22000005a 4500
001 7468
003 CL-ChBUA
005 20120815103023.0
008 070301s1996 xxu 000 0 spa
020 |a 082970356 
040 |a CL-ChBUA  |c CL-ChBUA 
082 0 0 |a 248.32 
090 |c 7468  |d 7468 
100 1 |a Tirabassi, Becky., trad. 
245 1 0 |a Suceden cosas fabulosas cuando oro 
260 |b Vida.  |c 1996. 
300 |a 143 p.  |c 20 cm. 
504 |a Indice. 
650 4 |a ORACION. 
700 1 |a Tirabassi, Irene. 
942 |c LIB 
952 |0 0  |1 0  |4 0  |7 0  |9 11139  |a UNACH  |b UNACH  |c 200  |d 2007-03-05  |i 32.005.  |l 5  |m 7  |o 248.32 / T 596.  |p 12138  |r 2019-11-26 00:00:00  |s 2018-11-22  |u 11139  |w 2012-08-08  |y LIB  |k 248.32 / T 596. 
999 |c 7468  |d 7468